Представление документа в формате MARC21

Поле Инд. ПП Название Значение
Тип записи a
Библиографический уровень b
001 Контрольный номер RU/IS/BASE/160928821
005 Дата корректировки 20200529173543.7
084 a Индекс другой классификации/Индекс ББК 66.09; 66.4в
100 1_ a Автор Уолт С. М.
q Полное имя Уолт Стивен М.
245 a Заглавие Никогда не говори никогда. Дискуссия о демократии и войне: принятие желаемого за действительное
504 a Библиография Библиогр. ссылки
650 a Основная рубрика международные отношения
a Основная рубрика политика
a Основная рубрика политология
653 a Ключевые слова глобалистика
a Ключевые слова демократизация общества
a Ключевые слова демократические государства
a Ключевые слова демократический мир
a Ключевые слова мировые интересы
a Ключевые слова национальные интересы
a Ключевые слова проблема войны и мира
773 t Заглавие источника Социально-гуманитарные знания
d Дата издания источника 2001
g Прочая информация № 3. - С. 263 - 270
w Контрольный № источника RU/IS/BASE/139676203
901 t Тип документа b